000 00871nam a2200277 i 4500
003 EG-GICUC
005 20260427222331.0
008 260405s1909 fr |||fr|||| 00| 0 fre d
040 _aEG-GiCUC
_bfre
_cEG-GiCUC
_dEG-GiCUC
_eRda
082 0 4 _221
_a343.232
_bBR . A
092 0 4 _221
099 _aLaw1 10 343.232 BR . A 1909
100 1 _aBrouardel, P
_eAuteur
245 1 4 _aLes Attentats Aux Meurs /
_cP. Brouardel.
264 1 _aParis :
_bLibrairie J.-b. Bailliere Et Fils,
_c1909.
300 _a245 page ;
_c 24 cm.
336 _2rda contenu
_a texte
337 _2rda medias
_aOrdinateur
338 _2 transporteur rda
_a Ressource en ligne
650 1 _aHomicide Accidentel
_2qrmak
650 1 _aDroit De Pénal
_2qrmak
651 1 _2qrmak
856 4 0 _uhttps://fll.law.cu.edu.eg/fulltext/bks/B10-08968.pdf
905 _a54
_eYara
942 _2ddc
_cBK
_e21
_n0
999 _c69180
_d69180